[Event "XIII OGOLNOPOLSKA OLIMPIADA MLODZIEZY - "]
[Site "Turawa"]
[Date "2007.04.27"]
[Round "1.1"]
[White "Wandzik, Wojciech"]
[Black "Strzemiecki, Zbigniew"]
[Result "0-1"]
[WhiteElo "1945"]
[BlackElo "2285"]
[PlyCount "58"]
[EventDate "2007.??.??"]

1. e4 e6 2. d4 d5 3. Nc3 Bb4 4. Nge2 Nc6 5. a3 Ba5 6. Be3 Nge7 7. e5 Nf5 8. Ng3
Nxe3 9. fxe3 Qg5 10. Qf3 f6 11. b4 Nxb4 12. axb4 Bxb4 13. Kd2 fxe5 14. Qh5+
Qxh5 15. Nxh5 exd4 16. exd4 O-O 17. Kd3 c6 18. Be2 e5 19. Ng3 e4+ 20. Kd2 c5
21. dxc5 d4 22. Ngxe4 dxc3+ 23. Kc1 g6 24. Rd1 Bf5 25. Bf3 Bxe4 26. Bxe4 Bxc5
27. Bxb7 Be3+ 28. Kb1 Rab8 29. Rd7 Rf7 0-1

[Event "XIII OGOLNOPOLSKA OLIMPIADA MLODZIEZY - "]
[Site "Turawa"]
[Date "2007.04.27"]
[Round "1.2"]
[White "Swiercz, Dariusz"]
[Black "Borowicz, Przemyslaw"]
[Result "1/2-1/2"]
[WhiteElo "2248"]
[BlackElo "1926"]
[PlyCount "160"]
[EventDate "2007.??.??"]

1. d4 Nf6 2. Nf3 d5 3. c4 e6 4. cxd5 exd5 5. Nc3 c6 6. Bg5 Be7 7. Qc2 O-O 8. e3
h6 9. Bh4 Ne4 10. Bxe7 Qxe7 11. Nxe4 dxe4 12. Nd2 f5 13. Bc4+ Be6 14. Qb3 Bxc4
15. Nxc4 Kh7 16. O-O Na6 17. a3 Qe6 18. Rac1 Rf7 19. Qc3 c5 20. Rfd1 Rd8 21.
Ne5 Rc7 22. Qc4 Qxc4 23. Rxc4 b5 24. Rc3 cxd4 25. Rxc7 Nxc7 26. Nc6 Rd6 27.
Nxd4 Ne6 28. Kf1 Nxd4 29. exd4 g5 30. Ke2 f4 31. f3 e3 32. Kd3 Kg6 33. Ke4 Kf6
34. d5 Rd8 35. Kd4 Rc8 36. Kd3 Ke5 37. g3 Kxd5 38. gxf4 gxf4 39. Rg1 Re8 40.
Ke2 Re6 41. Rg7 a6 42. h4 Kc4 43. Rf7 Kb3 44. Rxf4 Kxb2 45. Re4 Rc6 46. Rxe3
Rc2+ 47. Kd3 Rc3+ 48. Kd4 Rxa3 49. f4 Ra4+ 50. Ke5 Rc4 51. f5 a5 52. f6 a4 53.
f7 Rc8 54. Kd4 Rf8 55. Re2+ Kb3 56. Rf2 a3 57. Kc5 b4 58. Rf3+ Ka4 59. Rf6 a2
60. Kc4 Rc8+ 61. Kd5 Kb3 62. Rf3+ Kb2 63. Rf2+ Ka3 64. f8=Q Rxf8 65. Rxf8 b3
66. Kc4 Kb2 67. Ra8 a1=Q 68. Rxa1 Kxa1 69. Kxb3 Kb1 70. h5 Ka1 71. Kc3 Ka2 72.
Kd4 Kb3 73. Ke5 Kc4 74. Kf6 Kd5 75. Kg6 Ke6 76. Kxh6 Kf6 77. Kh7 Kf7 78. h6 Kf8
79. Kh8 Kf7 80. h7 Kf8 1/2-1/2

[Event "XIII OGOLNOPOLSKA OLIMPIADA MLODZIEZY - "]
[Site "Turawa"]
[Date "2007.04.27"]
[Round "1.3"]
[White "Chudzik, Tomasz"]
[Black "Krzyzanowski, Marcin"]
[Result "0-1"]
[WhiteElo "1914"]
[BlackElo "2229"]
[PlyCount "52"]
[EventDate "2007.??.??"]

1. e4 e5 2. Nf3 Nc6 3. Bb5 a6 4. Ba4 Nf6 5. O-O Be7 6. Re1 b5 7. Bb3 O-O 8. a4
Bb7 9. d3 d6 10. Nc3 b4 11. Ne2 h6 12. Ng3 Re8 13. Nf5 Bf8 14. N3h4 d5 15. exd5
Na5 16. Ba2 Bxd5 17. Bxd5 Qxd5 18. Qf3 Qxf3 19. Nxf3 Nc6 20. Be3 Rad8 21. Rad1
Kh7 22. h3 g6 23. Ng3 Nd5 24. Ne4 f5 25. Ned2 f4 26. Ne4 fxe3 0-1

[Event "XIII OGOLNOPOLSKA OLIMPIADA MLODZIEZY - "]
[Site "Turawa"]
[Date "2007.04.27"]
[Round "1.4"]
[White "Kanarek, Marcel"]
[Black "Kaleta, Blazej"]
[Result "1-0"]
[WhiteElo "2225"]
[BlackElo "1899"]
[PlyCount "93"]
[EventDate "2007.??.??"]

1. e4 c5 2. Nf3 e6 3. d4 cxd4 4. Nxd4 a6 5. Bd3 Qc7 6. O-O Nf6 7. Kh1 d6 8. c4
Be7 9. Nc3 b6 10. Bd2 Bb7 11. Qe2 Nbd7 12. f3 Ne5 13. b3 Nxd3 14. Qxd3 Nd7 15.
Rae1 Bf6 16. Nde2 Rd8 17. Nf4 h6 18. Nh5 O-O 19. Nxf6+ Nxf6 20. Be3 Rfe8 21.
Bd4 Nd7 22. f4 Nc5 23. Qg3 e5 24. fxe5 dxe5 25. Nd5 Bxd5 26. exd5 Nd7 27. Re4
Qd6 28. Rg4 g6 29. Be3 h5 30. Rg5 Kg7 31. Rxh5 Rh8 32. Bh6+ Kg8 33. Rh4 Nf6 34.
Qf3 Rxh6 35. Rxh6 Kg7 36. Rh3 Rd7 37. Qe3 Nh5 38. Rxh5 gxh5 39. Qg5+ Kf8 40.
Qxh5 Ke8 41. Qh8+ Ke7 42. Rf5 Qg6 43. Rxe5+ Kd6 44. Qb8+ Rc7 45. Re1 Kd7 46.
Qe8+ Kd6 47. Qf8+ 1-0

[Event "XIII OGOLNOPOLSKA OLIMPIADA MLODZIEZY - "]
[Site "Turawa"]
[Date "2007.04.27"]
[Round "1.5"]
[White "Weichhold, Pawel"]
[Black "Matuszewski, Michal"]
[Result "1/2-1/2"]
[WhiteElo "1897"]
[BlackElo "2136"]
[PlyCount "131"]
[EventDate "2007.??.??"]

1. e4 c5 2. Nf3 d6 3. d4 cxd4 4. Nxd4 Nf6 5. Nc3 a6 6. Bg5 e6 7. Qd2 Be7 8. f3
b5 9. a3 Bb7 10. O-O-O Nbd7 11. g4 Rc8 12. h4 Nb6 13. Bxf6 Bxf6 14. g5 Be7 15.
f4 d5 16. f5 e5 17. f6 gxf6 18. Nf5 d4 19. gxf6 Bf8 20. Ng7+ Bxg7 21. fxg7 Rg8
22. Qh6 Qc7 23. Bh3 dxc3 24. Bxc8 cxb2+ 25. Kb1 Nxc8 26. Qxh7 Ne7 27. Rd2 Bc8
28. Rhd1 Be6 29. Rd6 Bg4 30. R1d2 f6 31. Rxf6 Qa5 32. Rf8+ Rxf8 33. gxf8=Q+
Kxf8 34. Qh8+ Kf7 35. Rd6 Qe1+ 36. Kxb2 Qf2 37. Qxe5 Qxh4 38. Qf4+ Kg7 39. e5
Ng6 40. Qd4 Qg5 41. Qa7+ Kh6 42. Qd4 Kg7 43. Qa7+ Kh6 44. Qd4 Kg7 45. e6+ Qe5
46. c3 Bf5 47. Rd7+ Kf6 48. Rf7+ Kg5 49. Qd2+ Nf4 50. Qd8+ Kg4 51. Qd1+ Kg5 52.
Qg1+ Bg4 53. e7 Qe2+ 54. Ka1 Nd3 55. Qb1 Kg6 56. Rf4 Kg5 57. Rd4 Bf5 58. Rxd3
Bxd3 59. e8=Q Qxe8 60. Qxd3 Qe6 61. Kb2 Kf6 62. Qd4+ Ke7 63. Qa7+ Kf6 64. Qd4+
Kf5 65. Qf2+ Kg5 66. Qg3+ 1/2-1/2

[Event "XIII OGOLNOPOLSKA OLIMPIADA MLODZIEZY - "]
[Site "Turawa"]
[Date "2007.04.27"]
[Round "1.6"]
[White "Wieczorek, Oskar"]
[Black "Grzesiak, Filip"]
[Result "1-0"]
[WhiteElo "2125"]
[BlackElo "1896"]
[PlyCount "45"]
[EventDate "2007.??.??"]

1. e4 d6 2. d4 Nf6 3. Nc3 g6 4. f4 Bg7 5. Nf3 O-O 6. Bd3 c5 7. dxc5 dxc5 8. e5
Nh5 9. O-O Bh6 10. f5 Bxc1 11. Qxc1 Nc6 12. Qh6 Nxe5 13. Nxe5 Qd4+ 14. Kh1 Qxe5
15. fxg6 hxg6 16. Bxg6 Qg7 17. Bxf7+ Rxf7 18. Qxh5 Bd7 19. Rxf7 Qxf7 20. Qg5+
Kh8 21. h3 Kh7 22. Re1 Be6 23. Re4 1-0

[Event "XIII OGOLNOPOLSKA OLIMPIADA MLODZIEZY - "]
[Site "Turawa"]
[Date "2007.04.27"]
[Round "1.7"]
[White "Zielinski, Wojciech"]
[Black "Sadzikowski, Daniel"]
[Result "0-1"]
[WhiteElo "1886"]
[BlackElo "2118"]
[PlyCount "88"]
[EventDate "2007.??.??"]

1. e4 c5 2. Nc3 Nc6 3. f4 g6 4. Nf3 Bg7 5. Bc4 e6 6. O-O Nge7 7. e5 d5 8. Be2
a6 9. d4 Nf5 10. dxc5 Qa5 11. g4 Qxc5+ 12. Kg2 Ne3+ 13. Bxe3 Qxe3 14. Qd2 Qxd2
15. Nxd2 g5 16. f5 Bxe5 17. Nf3 Bf6 18. Rae1 Bd7 19. fxe6 fxe6 20. Nxd5 exd5
21. Bxa6+ Kd8 22. Bxb7 Rxa2 23. Bxc6 Bxc6 24. Re6 Bb5 25. Rd1 Rf8 26. Rxd5+ Bd7
27. Rb6 Kc7 28. Rb4 Bc6 29. Rf5 Be7 30. Rc4 Rxf5 31. gxf5 Rxb2 32. Kg3 Kb7 33.
h4 Bd6+ 34. Kg4 h5+ 35. Kxh5 Bxf3+ 36. Kxg5 Rb1 37. Rc3 Rg1+ 38. Kf6 Bh5 39.
Rd3 Kc7 40. c4 Bf8 41. Re3 Rg4 42. c5 Bxc5 43. Rd3 Bd4+ 44. Ke7 Re4+ 0-1

[Event "XIII OGOLNOPOLSKA OLIMPIADA MLODZIEZY - "]
[Site "Turawa"]
[Date "2007.04.27"]
[Round "1.8"]
[White "Witek, Tomasz"]
[Black "Polok, Kacper"]
[Result "1-0"]
[WhiteElo "2109"]
[BlackElo "1878"]
[PlyCount "37"]
[EventDate "2007.??.??"]

1. d4 Nf6 2. Nf3 c5 3. d5 g6 4. Nc3 d6 5. e4 Bg7 6. Bg5 O-O 7. Bd3 Nbd7 8. O-O
Qb6 9. Rb1 Re8 10. h3 Ne5 11. Nxe5 dxe5 12. Be3 Qa5 13. a3 Bd7 14. Ne2 Rac8 15.
b4 cxb4 16. axb4 Qa2 17. Ra1 Qb2 18. Qd2 a5 19. Rfb1 1-0

[Event "XIII OGOLNOPOLSKA OLIMPIADA MLODZIEZY - "]
[Site "Turawa"]
[Date "2007.04.27"]
[Round "1.9"]
[White "Wiewiora, Eneasz"]
[Black "Janczarski, Michal"]
[Result "1-0"]
[WhiteElo "1876"]
[BlackElo "2081"]
[PlyCount "61"]
[EventDate "2007.??.??"]

1. e4 e5 2. Nf3 Nc6 3. Bc4 Bc5 4. c3 Nf6 5. d4 exd4 6. O-O Nxe4 7. cxd4 Be7 8.
d5 Nb8 9. Re1 Nd6 10. Bd3 O-O 11. Nc3 b6 12. Bf4 Ne8 13. Qc2 h6 14. Qd2 f5 15.
Qc2 d6 16. Nd4 g5 17. Bd2 f4 18. Nf5 Bxf5 19. Bxf5 Ng7 20. Be6+ Nxe6 21. Rxe6
Rf6 22. Rae1 Bf8 23. Nb5 Na6 24. Bc3 Rxe6 25. Rxe6 Qd7 26. Rg6+ Kf7 27. Rf6+
Kg8 28. Nd4 Re8 29. Ne6 Nc5 30. Qg6+ Bg7 31. Nxg7 1-0

[Event "XIII OGOLNOPOLSKA OLIMPIADA MLODZIEZY - "]
[Site "Turawa"]
[Date "2007.04.27"]
[Round "1.10"]
[White "Siwiec, Arkadiusz"]
[Black "Jacek, Krystian"]
[Result "0-1"]
[WhiteElo "2025"]
[BlackElo "1858"]
[PlyCount "58"]
[EventDate "2007.??.??"]

1. e4 c5 2. Nf3 d6 3. d4 cxd4 4. Nxd4 Nf6 5. Nc3 e6 6. Be3 a6 7. Qd2 b5 8. f3
Nbd7 9. O-O-O Bb7 10. g4 h6 11. h4 b4 12. Nce2 d5 13. exd5 Nxd5 14. Bf2 Rc8 15.
Re1 Qa5 16. Kb1 Nc3+ 17. bxc3 bxc3 18. Qe3 Qb6+ 19. Nb3 Bc5 20. Ned4 Qb4 21.
Kc1 Bd5 22. Kd1 Rd8 23. Bd3 Bxb3 24. axb3 Nf8 25. Qf4 Bxd4 26. Re4 e5 27. Rxe5+
Ne6 28. Bxd4 Qxd4 29. Qxd4 Rxd4 0-1

[Event "XIII OGOLNOPOLSKA OLIMPIADA MLODZIEZY - "]
[Site "Turawa"]
[Date "2007.04.27"]
[Round "1.11"]
[White "Lorek, Milosz"]
[Black "Bokiej, Przemyslaw"]
[Result "1/2-1/2"]
[WhiteElo "1852"]
[BlackElo "2016"]
[PlyCount "73"]
[EventDate "2007.??.??"]

1. e4 e6 2. d4 d5 3. e5 c5 4. c3 Nc6 5. Nf3 Qb6 6. a3 Nh6 7. b4 cxd4 8. cxd4
Nf5 9. Bb2 Be7 10. g4 Nh4 11. Nxh4 Bxh4 12. Nc3 Qxd4 13. Qxd4 Nxd4 14. Nxd5
Nc2+ 15. Kd2 exd5 16. Kxc2 Bxg4 17. Rg1 h5 18. f4 Bf5+ 19. Bd3 Rc8+ 20. Kd2
Bxd3 21. Kxd3 Rg8 22. Bd4 a6 23. Rac1 Rc6 24. Be3 Kd7 25. Kd4 Ke6 26. Rc5 Bd8
27. f5+ Kxf5 28. Kxd5 g5 29. Rf1+ Kg6 30. Rxc6+ bxc6+ 31. Kxc6 Re8 32. Bd4 Re6+
33. Kd5 g4 34. a4 Bg5 35. b5 axb5 36. axb5 Bd8 37. Rf4 1/2-1/2

[Event "XIII OGOLNOPOLSKA OLIMPIADA MLODZIEZY - "]
[Site "Turawa"]
[Date "2007.04.27"]
[Round "1.12"]
[White "Koziej, Maciej"]
[Black "Kadziela, Konrad"]
[Result "1/2-1/2"]
[WhiteElo "1990"]
[BlackElo "1831"]
[PlyCount "70"]
[EventDate "2007.??.??"]

1. d4 e6 2. e4 d5 3. Nd2 dxe4 4. Nxe4 Nf6 5. Nxf6+ Qxf6 6. Nf3 Qd8 7. Bd3 c5 8.
dxc5 Bxc5 9. Qe2 Nc6 10. c3 h6 11. Bf4 Bd6 12. Bxd6 Qxd6 13. O-O-O Qc7 14. Kb1
Bd7 15. Bc2 O-O-O 16. Nd4 Nxd4 17. Rxd4 Kb8 18. Rhd1 Bc6 19. g3 Ka8 20. f4 Rxd4
21. Rxd4 Rd8 22. Qe5 Qxe5 23. fxe5 Rxd4 24. cxd4 Bd5 25. Kc1 b6 26. a3 Kb7 27.
Kd2 f5 28. exf6 gxf6 29. Ke3 Kc6 30. Ba4+ Kd6 31. Kf4 Bc4 32. Bc2 Kd5 33. Ke3
Bf1 34. Bb3+ Bc4 35. Bc2 Bf1 1/2-1/2

[Event "XIII OGOLNOPOLSKA OLIMPIADA MLODZIEZY - "]
[Site "Turawa"]
[Date "2007.04.27"]
[Round "1.13"]
[White "Golinski, Damian"]
[Black "Barski, Radoslaw"]
[Result "0-1"]
[WhiteElo "1828"]
[BlackElo "1987"]
[PlyCount "76"]
[EventDate "2007.??.??"]

1. e4 c5 2. Nf3 d6 3. d4 cxd4 4. Nxd4 Nf6 5. Nc3 a6 6. h3 e5 7. Nde2 Be7 8. g4
Be6 9. Bg2 O-O 10. O-O b5 11. a3 Nbd7 12. f4 Qb6+ 13. Kh2 exf4 14. Nxf4 Bc4 15.
g5 Ne8 16. Nfd5 Qd8 17. Rf2 Bxg5 18. e5 Nxe5 19. Bxg5 Qxg5 20. Ne7+ Qxe7 21.
Bxa8 Qh4 22. Rg2 Be6 23. Rg3 Nf6 24. Bf3 Qf4 25. Kg2 Nc4 26. Qc1 Qe5 27. Qe1
Ne3+ 28. Kf2 Nxc2 29. Qxe5 dxe5 30. Rag1 g6 31. Rg5 Nd7 32. Bd5 Bxd5 33. Nxd5
f6 34. R5g3 Nc5 35. R3g2 Nd4 36. Ke3 f5 37. Rc1 f4+ 38. Kf2 Nd3+ 0-1

[Event "XIII OGOLNOPOLSKA OLIMPIADA MLODZIEZY - "]
[Site "Turawa"]
[Date "2007.04.27"]
[Round "1.14"]
[White "Witek, Pawel"]
[Black "Leczycki, Pawel"]
[Result "0-1"]
[WhiteElo "1985"]
[BlackElo "1826"]
[PlyCount "78"]
[EventDate "2007.??.??"]

1. d4 Nf6 2. Nf3 g6 3. c4 Bg7 4. Nc3 O-O 5. Bg5 d6 6. e3 Nbd7 7. Be2 c6 8. Qc2
e5 9. dxe5 dxe5 10. O-O Qc7 11. Nd2 Re8 12. Rfd1 Nf8 13. c5 Nd5 14. Nde4 Bf5
15. Nxd5 cxd5 16. Rxd5 Bxe4 17. Qxe4 f5 18. Qc4 Qf7 19. Rad1 h6 20. Bd8 f4 21.
e4 Kh7 22. Qa4 Ne6 23. Bc4 Qf8 24. Ba5 Nxc5 25. Qb5 b6 26. Bb4 Rac8 27. Bxc5
Rxc5 28. Rxc5 bxc5 29. Rd7 Rb8 30. Qa5 Rxb2 31. Qxa7 Rb1+ 32. Bf1 c4 33. Qc7
Rc1 34. a4 c3 35. a5 c2 36. a6 Rd1 37. Rxg7+ Qxg7 38. Qxc2 Qd7 39. Qb2 Rxf1+
0-1

[Event "XIII OGOLNOPOLSKA OLIMPIADA MLODZIEZY - "]
[Site "Turawa"]
[Date "2007.04.27"]
[Round "1.15"]
[White "Ancuta, Adam"]
[Black "Swiech, Przemyslaw"]
[Result "0-1"]
[WhiteElo "1817"]
[BlackElo "1977"]
[PlyCount "76"]
[EventDate "2007.??.??"]

1. e4 c5 2. Nf3 Nc6 3. d4 cxd4 4. Nxd4 e5 5. Nb5 d6 6. N1c3 a6 7. Na3 b5 8. Nd5
Nce7 9. c4 Nxd5 10. Qxd5 Be6 11. Qc6+ Bd7 12. Qb7 b4 13. Qxb4 d5 14. Qb7 d4 15.
Qd5 Bb4+ 16. Kd1 Qb8 17. f4 Nf6 18. Qxe5+ Qxe5 19. fxe5 Nxe4 20. Rg1 Bf5 21. h3
d3 22. Be3 Rd8 23. Bb6 Rb8 24. Bd4 O-O 25. g4 Rfd8 26. Ba7 Bg6 27. Bg2 Rb7 28.
Be3 Bxa3 29. bxa3 d2 30. Bxe4 Bxe4 31. Ke2 Rb2 32. Rad1 Bd3+ 33. Kf3 Bxc4 34.
Rg2 Bd5+ 35. Kg3 Bxg2 36. Kxg2 Rxa2 37. Bc5 Rc8 38. Bb4 Rc1 0-1

[Event "XIII OGOLNOPOLSKA OLIMPIADA MLODZIEZY - "]
[Site "Turawa"]
[Date "2007.04.27"]
[Round "1.16"]
[White "Obrusnik, Michal"]
[Black "Lukasiewicz, Aleksander"]
[Result "0-1"]
[WhiteElo "1977"]
[BlackElo "1816"]
[PlyCount "112"]
[EventDate "2007.??.??"]

1. e4 e5 2. Nf3 Nc6 3. Nc3 Nf6 4. d4 exd4 5. Nxd4 Bc5 6. Nxc6 bxc6 7. Bd3 d5 8.
exd5 cxd5 9. O-O O-O 10. Bg5 Be6 11. Qf3 h6 12. Bxf6 Qxf6 13. Qxf6 gxf6 14.
Rad1 Kh8 15. Bb5 Rab8 16. Ba4 Rfd8 17. Bb3 c6 18. Rd3 Bd6 19. Rfd1 Rg8 20. Ne2
Bf5 21. Rc3 Bg4 22. f3 Bd7 23. Rcd3 Rbe8 24. R3d2 Re5 25. g3 Rge8 26. Kf2 Bh3
27. c3 Bc5+ 28. Nd4 Bb6 29. Ba4 R8e6 30. g4 f5 31. Kg3 fxg4 32. Nxe6 Rxe6 33.
Rd3 Re2 34. fxg4 Bc7+ 35. Kh4 Bg2 36. g5 Bd8 37. Rg3 Re4+ 38. Rg4 Bxg5+ 39. Kg3
Re2 40. h4 f5 41. hxg5 fxg4 42. Bxc6 Bf3 43. Bxd5 Rg2+ 44. Kf4 hxg5+ 45. Kxg5
Rxb2 46. Bxf3 gxf3 47. Rf1 f2 48. Kf4 Rxa2 49. Ke3 a5 50. Kf3 a4 51. Kg2 a3 52.
c4 Rc2 53. Ra1 a2 54. c5 Rb2 55. c6 f1=Q+ 56. Kxf1 Rb1+ 0-1

[Event "XIII OGOLNOPOLSKA OLIMPIADA MLODZIEZY - "]
[Site "Turawa"]
[Date "2007.04.27"]
[Round "1.17"]
[White "Grabowski, Adam"]
[Black "Lis, Marek"]
[Result "0-1"]
[WhiteElo "1793"]
[BlackElo "1968"]
[PlyCount "56"]
[EventDate "2007.??.??"]

1. d4 d6 2. c4 e5 3. d5 f5 4. Nc3 Nf6 5. Nf3 g6 6. Bg5 h6 7. Bd2 Bg7 8. e3 O-O
9. Be2 a5 10. Qc2 Na6 11. a3 g5 12. h3 Nc5 13. b3 Qe7 14. Bc1 Nfd7 15. Bb2 e4
16. Nd4 Ne5 17. O-O Ned3 18. Bxd3 Nxd3 19. Nce2 f4 20. Nc1 Nxb2 21. Qxb2 fxe3
22. Nce2 exf2+ 23. Rxf2 Rxf2 24. Kxf2 g4 25. hxg4 Bxg4 26. Rc1 Be5 27. Rh1 Qf6+
28. Kg1 Rf8 0-1

[Event "XIII OGOLNOPOLSKA OLIMPIADA MLODZIEZY - "]
[Site "Turawa"]
[Date "2007.04.27"]
[Round "1.18"]
[White "Sowul, Bartosz"]
[Black "Kropidlowski, Maciej"]
[Result "1-0"]
[WhiteElo "1966"]
[BlackElo "1750"]
[PlyCount "69"]
[EventDate "2007.??.??"]

1. d4 e6 2. c4 d5 3. Nc3 Nf6 4. cxd5 exd5 5. Bg5 Nbd7 6. e3 Be7 7. Bd3 c6 8.
Nf3 h6 9. Bf4 Nh5 10. Be5 Nxe5 11. Nxe5 Nf6 12. O-O O-O 13. h3 Qc7 14. Rc1 Bd7
15. f4 Rae8 16. Qf3 Bd6 17. g4 Be6 18. Nb5 Qd8 19. Nxd6 Qxd6 20. g5 hxg5 21.
fxg5 Ne4 22. Bxe4 dxe4 23. Qxe4 Bxa2 24. Rf4 Bd5 25. Qd3 Re7 26. Rcf1 b5 27.
R1f2 Rb8 28. Rh4 g6 29. Rf6 Be6 30. Qf1 Rbb7 31. Qf2 Qd5 32. e4 Qd6 33. Nxg6
fxg6 34. Rf8+ Kg7 35. Qf6# 1-0

[Event "XIII OGOLNOPOLSKA OLIMPIADA MLODZIEZY - "]
[Site "Turawa"]
[Date "2007.04.27"]
[Round "1.19"]
[White "Brzezinski, Mateusz"]
[Black "Adamek, Przemyslaw"]
[Result "0-1"]
[WhiteElo "1643"]
[BlackElo "1957"]
[PlyCount "80"]
[EventDate "2007.??.??"]

1. c4 Nf6 2. Nc3 c6 3. Nf3 d5 4. cxd5 cxd5 5. d4 Nc6 6. Bf4 Bf5 7. e3 e6 8. Qb3
Bb4 9. Bb5 Qa5 10. O-O O-O 11. Rac1 Rfc8 12. a3 Bxc3 13. bxc3 Qb6 14. Qa4 a6
15. Be2 Na5 16. c4 dxc4 17. Bxc4 Nxc4 18. Rxc4 Bd3 19. Rb4 Bb5 20. Rfb1 Nd5 21.
Qb3 Nxb4 22. Qxb4 Qc6 23. h3 Qc3 24. Bd6 Qxb4 25. Rxb4 Rc4 26. Rb3 Rac8 27. Bc5
f6 28. Nd2 Rc1+ 29. Kh2 Rc2 30. Ne4 Bc6 31. Nd6 Rxf2 32. e4 Rc7 33. d5 Ba4 34.
Rxb7 Rxb7 35. Nxb7 Rb2 36. Nd8 exd5 37. exd5 Bb3 38. Nc6 Bxd5 39. Ne7+ Kf7 40.
Nxd5 Rb5 0-1

[Event "XIII OGOLNOPOLSKA OLIMPIADA MLODZIEZY - "]
[Site "Turawa"]
[Date "2007.04.27"]
[Round "1.20"]
[White "Klepaczka, Tomasz"]
[Black "Raczynski, Milosz"]
[Result "0-1"]
[WhiteElo "1953"]
[BlackElo "1563"]
[PlyCount "94"]
[EventDate "2007.??.??"]

1. e4 c5 2. Nc3 e6 3. f4 d5 4. Nf3 dxe4 5. Nxe4 Nf6 6. Nxf6+ Qxf6 7. Bb5+ Bd7
8. Bxd7+ Nxd7 9. d3 Bd6 10. g3 O-O 11. O-O Rad8 12. Rb1 e5 13. fxe5 Nxe5 14.
Kg2 Qe6 15. Nxe5 Bxe5 16. b3 Qd5+ 17. Qf3 Qxf3+ 18. Kxf3 Rfe8 19. Bd2 Rd6 20.
Rbe1 Rf6+ 21. Kg2 Rxf1 22. Kxf1 Kf8 23. c3 f5 24. Be3 b6 25. d4 cxd4 26. cxd4
Bd6 27. Bd2 Rxe1+ 28. Kxe1 Kf7 29. Ke2 Ke6 30. Kf3 Kd5 31. Be3 Be7 32. Kf4 g6
33. g4 fxg4 34. Kxg4 Bf6 35. h4 Bxd4 36. Bxd4 Kxd4 37. Kg5 Ke5 38. Kh6 Kf6 39.
Kxh7 g5 40. hxg5+ Kxg5 41. Kg7 Kf5 42. Kf7 Ke5 43. Ke7 Kd4 44. Kd7 Kc3 45. Kc6
Kb2 46. a4 Kxb3 47. Kb5 a5 0-1

[Event "XIII OGOLNOPOLSKA OLIMPIADA MLODZIEZY -"]
[Site "Turawa"]
[Date "2007.04.28"]
[Round "2.1"]
[White "Strzemiecki, Zbigniew"]
[Black "Sowul, Bartosz"]
[Result "1/2-1/2"]
[WhiteElo "2285"]
[BlackElo "1966"]
[PlyCount "188"]
[EventDate "2007.??.??"]

1. e4 c5 2. Nf3 d6 3. d4 cxd4 4. Nxd4 Nf6 5. Nc3 a6 6. g3 e5 7. Nde2 Nbd7 8.
Bg2 Be7 9. O-O O-O 10. h3 b5 11. Be3 Bb7 12. Nd5 Nxd5 13. exd5 Bf6 14. a4 bxa4
15. Rxa4 g6 16. Qd2 Rc8 17. b3 Qc7 18. c4 Bg7 19. Ra3 Rfe8 20. Nc3 f5 21. Ne2
Rb8 22. Rc1 e4 23. Nf4 Ne5 24. h4 Bc8 25. Kh1 h6 26. b4 g5 27. hxg5 hxg5 28.
Ne6 Bxe6 29. dxe6 Rxe6 30. Bxg5 Qf7 31. Kg1 Qh5 32. Bf4 Bh6 33. Qd5 Rbe8 34.
Bxh6 Qxh6 35. Rd1 Kg7 36. c5 Nd3 37. Qd4+ Kh7 38. c6 Qg7 39. Qxg7+ Kxg7 40.
Rxa6 Nxb4 41. Rb6 Nd3 42. Rb7+ R6e7 43. Bf1 Rxb7 44. cxb7 Rb8 45. Bxd3 exd3 46.
Rxd3 Rxb7 47. Rxd6 Rb4 48. Kg2 Rb2 49. Kf3 Rb4 50. Ke3 Re4+ 51. Kd3 Ra4 52. Rd4
Ra6 53. Ke3 Kf6 54. Kf4 Rb6 55. Ra4 Rc6 56. Kf3 Rc3+ 57. Kg2 Kg5 58. Ra8 Rc2
59. Ra4 Rc3 60. f3 Rb3 61. Ra6 Rb2+ 62. Kh3 Rb3 63. f4+ Kh5 64. Ra5 Kg6 65. Kh4
Rb6 66. Ra8 Rc6 67. Rg8+ Kf7 68. Rg5 Kf6 69. Kh5 Rc3 70. Kh6 Ra3 71. Rg8 Kf7
72. Rg6 Rb3 73. Kh5 Rc3 74. Rg5 Kf6 75. Kh4 Rc6 76. Kh3 Rc3 77. Rh5 Kg6 78. Rh8
Rc6 79. Re8 Kf7 80. Re5 Kg6 81. Kg2 Rc2+ 82. Kf3 Kf6 83. Re3 Ra2 84. Rb3 Ra6
85. Ke3 Rd6 86. Rd3 Ra6 87. Kd4 Ra8 88. Kc5 Rc8+ 89. Kb6 Ke6 90. Re3+ Kf6 91.
Kb5 Kg6 92. Kb4 Kh5 93. Re7 Kg4 94. Rg7+ Kf3 1/2-1/2

[Event "XIII OGOLNOPOLSKA OLIMPIADA MLODZIEZY -"]
[Site "Turawa"]
[Date "2007.04.28"]
[Round "2.2"]
[White "Krzyzanowski, Marcin"]
[Black "Adamek, Przemyslaw"]
[Result "1-0"]
[WhiteElo "2229"]
[BlackElo "1957"]
[PlyCount "79"]
[EventDate "2007.??.??"]

1. e4 c5 2. c3 Nf6 3. e5 Nd5 4. d4 cxd4 5. cxd4 Nc6 6. Nc3 Nxc3 7. bxc3 d5 8.
Bd3 g6 9. Ne2 Bg7 10. O-O O-O 11. Kh1 f6 12. f4 Be6 13. Bd2 Qd7 14. Ng3 f5 15.
Ne2 Na5 16. Rf3 Nc4 17. Bc1 b5 18. Rh3 Kh8 19. Ng1 Bg8 20. Nf3 e6 21. Qe1 Rfc8
22. Rb1 Rab8 23. Rh4 Bf8 24. g4 Be7 25. Ng5 Bxg5 26. fxg5 a5 27. Bf4 Rb7 28.
Rh6 Rf8 29. gxf5 exf5 30. h4 Qe6 31. h5 Bf7 32. Kg2 Kg7 33. Kg3 Re8 34. Qh1
Ree7 35. Rxh7+ Kxh7 36. hxg6+ Kg8 37. Bxf5 Qxg6 38. Bxg6 Bxg6 39. Qxd5+ Kg7 40.
Rxb5 1-0

[Event "XIII OGOLNOPOLSKA OLIMPIADA MLODZIEZY -"]
[Site "Turawa"]
[Date "2007.04.28"]
[Round "2.3"]
[White "Kowalczyk, Rafal"]
[Black "Kanarek, Marcel"]
[Result "1-0"]
[WhiteElo "1948"]
[BlackElo "2225"]
[PlyCount "105"]
[EventDate "2007.??.??"]

1. e4 c5 2. c3 Nf6 3. e5 Nd5 4. d4 cxd4 5. cxd4 Nc6 6. Nc3 Nxc3 7. bxc3 d5 8.
exd6 Qxd6 9. Nf3 g6 10. Bc4 Be6 11. Bb3 Na5 12. O-O Nxb3 13. axb3 Bg7 14. Qd3
O-O 15. c4 Bg4 16. Bb2 Rfd8 17. h3 Bf5 18. Qe3 b5 19. Rfd1 a5 20. Ba3 b4 21.
Bb2 Qc7 22. Qe2 Qf4 23. d5 Qe4 24. Qxe4 Bxe4 25. Bxg7 Bxf3 26. gxf3 Kxg7 27.
Kf1 Kf6 28. Ke2 Ke5 29. Ke3 Kd6 30. Kd4 e5+ 31. dxe6 Kxe6+ 32. Kc5 Rdc8+ 33.
Kb5 Rcb8+ 34. Ka4 Ke5 35. c5 Ra7 36. Rac1 Rc7 37. Rc2 f5 38. Rd3 g5 39. Re2+
Kf6 40. Rd6+ Kg7 41. c6 h5 42. Re5 Rf7 43. Rxa5 Rf6 44. Ra7+ Kg6 45. c7 Rc8 46.
Rd8 Rf8 47. Rxf8 Rxf8 48. Kxb4 h4 49. Rb7 Rc8 50. Rb6+ Kh5 51. Rc6 g4 52. fxg4+
fxg4 53. Rc5+ 1-0

[Event "XIII OGOLNOPOLSKA OLIMPIADA MLODZIEZY -"]
[Site "Turawa"]
[Date "2007.04.28"]
[Round "2.4"]
[White "Jacek, Krystian"]
[Black "Wieczorek, Oskar"]
[Result "1/2-1/2"]
[WhiteElo "1858"]
[BlackElo "2125"]
[PlyCount "77"]
[EventDate "2007.??.??"]

1. e4 c5 2. Nf3 e6 3. d4 cxd4 4. Nxd4 a6 5. Nc3 Qc7 6. Bd3 Nc6 7. Be3 Nf6 8.
O-O b5 9. a3 Bb7 10. Nxc6 Qxc6 11. f3 Bc5 12. Qe2 d6 13. Kh1 Bxe3 14. Qxe3 O-O
15. Rad1 Rac8 16. f4 Qc5 17. Qh3 h6 18. Rde1 e5 19. fxe5 Qxe5 20. Rf5 Qe6 21.
e5 g6 22. Qg3 dxe5 23. Rfxe5 Qc6 24. Re7 Rfe8 25. Bxg6 Qxg2+ 26. Qxg2 Bxg2+ 27.
Kxg2 fxg6 28. R1e6 Rxe7 29. Rxe7 Rd8 30. Kf3 Rd6 31. Ne4 Nxe4 32. Rxe4 Kf7 33.
Ke2 Kf6 34. a4 Kf5 35. Rb4 Rd5 36. b3 Ke5 37. axb5 axb5 38. c4 bxc4 39. Rxc4
1/2-1/2

[Event "XIII OGOLNOPOLSKA OLIMPIADA MLODZIEZY -"]
[Site "Turawa"]
[Date "2007.04.28"]
[Round "2.5"]
[White "Sadzikowski, Daniel"]
[Black "Mondrzycki, Bartlomiej"]
[Result "1-0"]
[WhiteElo "2118"]
[BlackElo "1949"]
[PlyCount "121"]
[EventDate "2007.??.??"]

1. e4 c5 2. Nf3 Nc6 3. Nc3 Nf6 4. d4 cxd4 5. Nxd4 e5 6. Ndb5 d6 7. Bg5 a6 8.
Na3 b5 9. Nd5 Be7 10. Bxf6 Bxf6 11. c3 O-O 12. Nc2 Bg5 13. a4 bxa4 14. Rxa4 a5
15. Bc4 Rb8 16. b4 axb4 17. cxb4 Ne7 18. O-O Nxd5 19. Bxd5 Kh8 20. Bc6 f5 21.
exf5 Bxf5 22. b5 Qb6 23. Nb4 Rbd8 24. Nd5 Qc5 25. Qe2 Be6 26. Qc4 Bxd5 27. Bxd5
Qxc4 28. Rxc4 Rb8 29. Rb1 Bd8 30. Kf1 Bb6 31. f3 Bc5 32. Ke2 g6 33. Kd3 Kg7 34.
Rxc5 dxc5 35. Kc4 Rfc8 36. Bc6 Kf6 37. Kxc5 Rd8 38. Rb2 Ke6 39. b6 Rd1 40. b7
h6 41. Ra2 Rb1 42. Ra7 Rc1+ 43. Kb6 Kd6 44. Be4 Rc3 45. Ra2 Rc4 46. Rd2+ Rd4
47. Rc2 Ra4 48. Rc8 Raa8 49. Rc6+ Kd7 50. Rxg6 Ra2 51. Bc6+ Ke7 52. Kc7 Rxb7+
53. Bxb7 Rc2+ 54. Bc6 Kf7 55. Rg4 Kf6 56. Kd6 Rd2+ 57. Bd5 h5 58. Rg8 h4 59. h3
Kf5 60. Rf8+ Kg5 61. Kxe5 1-0